000 01052nam a22002537a 4500
005 20101206113148.0
008 101206t xxu||||| |||| 00| 0 hin d
010 _aHIN-91196
020 _c250.00
_a81887300916
035 _aHN-63542
037 _bDBAD/PUB
040 _aDPL
_bHN
082 _a
100 _aभाटिया, सुदर्शन
_924598
245 _aसत्ता-संघर्ष /
_cसुदर्शन भाटिया
246 _aSatta-Sangharsh
_bby Sundarshan Bhatia
260 _aदिल्ली
_bराज पब्लिशिंग हाउस
_c2010
270 _a9/5123, पुराना सीलमपुर (पूर्व)
_bदिल्ली
_e110031
_k24568261 (011)
300 _a136पृ.
_c22सेमी (सजिल्द)
_bसचित्र
650 _91169
700 _924599
942 _2ddc
_cHN
_mभाटिया
999 _c49006
_d49006